Loading...
| Science - Other | 0 | 2 | 0 | 1 | 20 | 108 | 117.00 | 0 | 1 | 0.00 | 0.00 |
| History - European | 0 | 2 | 0 | 1 | 20 | 132 | 132.00 | 0 | 0 | 0.00 | 0.00 |
| Fine Arts - Other | 0 | 1 | 0 | 0 | 10 | 119 | 119.00 | 0 | 1 | 0.00 | 0.00 |
| Religion | 0 | 1 | 0 | 0 | 10 | 107 | 107.00 | 0 | 1 | 0.00 | 0.00 |
| Science - Biology | 0 | 1 | 0 | 0 | 10 | 86 | 86.00 | 0 | 1 | 0.00 | 0.00 |
| History - World | 0 | 1 | 0 | 1 | 10 | 136 | 136.00 | 0 | 0 | 0.00 | 0.00 |
| History - American | 0 | 1 | 0 | 1 | 10 | 130 | 130.00 | 0 | 0 | 0.00 | 0.00 |
| Social Science | 0 | 1 | 1 | 0 | 5 | 88 | 88.00 | 0 | 1 | 0.00 | 0.00 |
| Literature - British | 0 | 0 | 0 | 0 | 0 | 0.00 | 0 | 0 | 0.00 | 0.00 |